| 000 | 00615cam a2200193 a 4500 | ||
|---|---|---|---|
| 001 | 000018161 | ||
| 005 | 20200929165400.0 | ||
| 008 | 820312s1938 nyu 000 0 eng d | ||
| 040 |
_aDO-SdBNP _beng _cLC _dBNPHU |
||
| 082 |
_a813.4 _bB964d |
||
| 100 | 1 |
_aBurnett, W. R. _q(William Riley), _d1899-1982. _939354 |
|
| 245 | 1 | 4 |
_aThe dark command : _ba Kansas Iliad / _cW. R. Burnett. |
| 260 |
_aNew York : _bAlfred A. Knopf, _c1938. |
||
| 300 |
_a5 p. : _b396 p. ; _c20 cm. |
||
| 650 | 4 |
_aNovela estadounidense _9262 |
|
| 650 | 4 |
_aLiteratura estadounidense _9263 |
|
| 910 | _aCatalogación por copia / LC | ||
| 049 | _aBNGR | ||
| 999 |
_c17682 _d17682 |
||